000 00294nam a2200121Ia 4500
008 191201s2002 xx 000 0 und d
100 _aBATRA, Promod
245 0 _aManagement Though Starters
260 _aN.Delhi
_bThink Inc
_c2002
300 _a514
650 _aGeneral Books
942 _2ddc
_cBK
999 _c2150
_d2150